|
|
|
|
| LEADER |
00000nam a22000007a 4500 |
| 005 |
20191002230235.0 |
| 007 |
cr|||| |||| |
| 008 |
191002s2019 pt |||||s|||| 00||0 por d |
| 020 |
|
|
|a 9783330774230
|
| 035 |
|
|
|a 28941
|
| 040 |
|
|
|a vLex
|
| 090 |
|
|
|c 9682
|d 9682
|
| 100 |
1 |
|
|a Pioner Sartori, Liane
|
| 245 |
1 |
0 |
|a Tutela Jurisdicional Ambiental para Dano Ambiental Transfronteiriȯ
|h [Recurso electrn̤ico] /
|c Liane Pioner Sartori
|
| 256 |
|
|
|a Servicio en ln̕ea
|
| 260 |
|
|
|a Lisboa:
|b Novas Ediė̳s Acadm̊icas,
|c 2019
|
| 300 |
|
|
|a 1 recurso electrn̤ico
|
| 500 |
|
|
|a O presente trabalho objetiva apresentar como se d ̀a proteȯ̂ ambiental internacional no caso em que danos ambientais de grandes proporė̳s, que ultrapassam as fronteiras dos pas̕es, ocorrem. Demonstra como os pas̕es vm̊ decidindo os casos concretos at ̌entô ocorridos, mostrando paradigmas de decise̳s jurisdicionais. Apresenta exemplos de danos ambientais de grandes proporė̳s e como os pas̕es aplicaram do Direito.
|
| 506 |
1 |
|
|a Disponible solo en los productos indicados
|d vLex Global
|d vLex Global (Academic Edition, excluding Law Schools)
|d vLex Global (U.S. Academic Edition, Law Schools)
|d vLex Global (U.S. Academic Edition, excluding Law Schools)
|d vLex Global (Academic Edition, Law Schools)
|
| 650 |
0 |
4 |
|a Derecho Internacional
|z Portugal
|
| 740 |
0 |
|
|a vLex Libros (Servicio en ln̕ea)
|
| 856 |
4 |
0 |
|u http://vlex.com/source/28941
|z Acceso restringido
|
| 942 |
|
|
|c BOOK
|
| 999 |
0 |
|
|a International right
|